000 00533nam a2200157Ia 4500
008 151213s9999 xx 000 0 und d
100 _aJohn D. Danials, Lee H. Radebaugh & Daniel P. Sull
245 _aInternational Business
_bEnvironment & operations
_cJohn D. Danials, Lee H. Radebaugh & Daniel P. Sull
250 _a10th
260 _aNew Jersey
_bPrentice hall/Pearson
_c2004
300 _a1683 p.
650 _aManagement
650 _aManagement
700 _aJohn D. Danials, Lee H. Radebaugh & Daniel P. Sull
999 _c1253
_d1253